<?xml version="1.0" encoding="UTF-8"?><?xml-stylesheet type="text/xsl" href="static/style.xsl"?><OAI-PMH xmlns="http://www.openarchives.org/OAI/2.0/" xmlns:xsi="http://www.w3.org/2001/XMLSchema-instance" xsi:schemaLocation="http://www.openarchives.org/OAI/2.0/ http://www.openarchives.org/OAI/2.0/OAI-PMH.xsd"><responseDate>2026-04-18T02:59:42Z</responseDate><request verb="GetRecord" identifier="oai:www.recercat.cat:2072/448820" metadataPrefix="marc">https://recercat.cat/oai/request</request><GetRecord><record><header><identifier>oai:recercat.cat:2072/448820</identifier><datestamp>2024-12-02T11:23:57Z</datestamp><setSpec>com_2072_98</setSpec><setSpec>col_2072_378194</setSpec></header><metadata><record xmlns="http://www.loc.gov/MARC21/slim" xmlns:dcterms="http://purl.org/dc/terms/" xmlns:xsi="http://www.w3.org/2001/XMLSchema-instance" xmlns:doc="http://www.lyncode.com/xoai" xsi:schemaLocation="http://www.loc.gov/MARC21/slim http://www.loc.gov/standards/marcxml/schema/MARC21slim.xsd">
   <leader>00925njm 22002777a 4500</leader>
   <datafield ind2=" " ind1=" " tag="042">
      <subfield code="a">dc</subfield>
   </datafield>
   <datafield ind2=" " ind1=" " tag="720">
      <subfield code="a">López Plana, Carlos</subfield>
      <subfield code="e">author</subfield>
   </datafield>
   <datafield ind2=" " ind1=" " tag="720">
      <subfield code="a">Mayor Aparicio, Pedro Ginés</subfield>
      <subfield code="e">author</subfield>
   </datafield>
   <datafield ind2=" " ind1=" " tag="720">
      <subfield code="a">López Béjar, Manel</subfield>
      <subfield code="e">author</subfield>
   </datafield>
   <datafield ind2=" " ind1=" " tag="720">
      <subfield code="a">García Cordero, Oscar</subfield>
      <subfield code="e">author</subfield>
   </datafield>
   <datafield ind2=" " ind1=" " tag="720">
      <subfield code="a">Garcia-Ispierto, Irina</subfield>
      <subfield code="e">author</subfield>
   </datafield>
   <datafield ind2=" " ind1=" " tag="260">
      <subfield code="c">2006</subfield>
   </datafield>
   <datafield ind2=" " ind1=" " tag="520">
      <subfield code="a">Tradicionalmente, la enseñanza de la Anatomía Veterinaria ha estado basada fundamentalmente en las clases magistrales y en las prácticas en la Sala de disección. En el último curso 2005-06, y aprovechando la entrada de la Titulación de Veterinària en el Plan piloto de adaptación al Espacio Europeo de Educación Superior, se han introducido en la asignatura Anatomía II, que se imparte en el primer curso de la Licenciatura, metodologías de aprendizaje centradas en el estudiante. Concretamente, y por medio de la plataforma Campus Virtual de la UAB, se le encargó al alumno la resolución de casos que pretendían proporcionar una visión integrada de la materia, a través del aprendizaje autónomo de aspectos de la asignatura que no se estudiaron en las clases tradicionales teóricas y prácticas. Los alumnos han aceptado positivamente la introducción de casos como metodología de aprendizaje. La mayor parte de ellos consideran que han aprendido y que les ha ayudado a comprender la asignatura, e incluso prefieren resolver uno o más casos y que los exámenes clásicos tengan una menor importancia en la nota final de la asignatura. Sin embargo, y a pesar de que el tiempo de trabajo invertido en la resolución del caso ha estado en consonancia con la carga en ects calculada por el profesor, buena parte de los estudiantes piensan que la carga de trabajo ha sido elevada y que el valor del caso en la nota final tendría que ser superior al valor asignado. En conclusión, la inclusión de casos en la enseñanza y el aprendizaje de la Anatomía Veterinaria es un buen instrumento que estimula el aprendizaje activo y autónomo del estudiante.</subfield>
   </datafield>
   <datafield tag="653" ind2=" " ind1=" ">
      <subfield code="a">PBL</subfield>
   </datafield>
   <datafield tag="653" ind2=" " ind1=" ">
      <subfield code="a">Mètode del Cas</subfield>
   </datafield>
   <datafield tag="653" ind2=" " ind1=" ">
      <subfield code="a">Anatomia</subfield>
   </datafield>
   <datafield tag="653" ind2=" " ind1=" ">
      <subfield code="a">Veterinària</subfield>
   </datafield>
   <datafield ind2="0" ind1="0" tag="245">
      <subfield code="a">Utilización de metodologías de aprendizaje activo en la enseñanza y el aprendizaje de la anatomía veterinaria</subfield>
   </datafield>
</record></metadata></record></GetRecord></OAI-PMH>